| 000 | 01990nem0a2200361 4500 | ||
|---|---|---|---|
| 001 | RU\NLR\BIBL_A\011448552 | ||
| 005 | 20250626070409.0 | ||
| 035 | _a(NLR Aleph) 011448552 | ||
| 090 |
_a11741005 _c11741005 |
||
| 100 | _a20170803d1845 |||y0rusy50 ca | ||
| 101 | 0 | _arus | |
| 102 | _aRU | ||
| 120 | _abya xx|| | ||
| 123 | 3 |
_aa _b13600000 _b46900000 |
|
| 135 | _acrcn 024anaba | ||
| 200 | 1 |
_aКраткий географический атлас современного мира _bКарты _eВключен Министерством народного просвещения в число учебных пособий для уездных училищ _fСост. С. Барановский |
|
| 206 | _aМ-бы разные | ||
| 210 |
_aСанкт-Петербург _cА.Ю. Юнгмейстер _d1845 |
||
| 215 |
_a1 атл. (4 с.,6 л.) _cцв., профили _d31х24 см |
||
| 300 | _aНа авантит.: Его высокопревосходительству господину министру народного просвещения Сергею Семеновичу Уварову | ||
| 325 | 1 | _aКопия доступна в электронной библиотеке РНБ | |
| 509 | 0 | 1 |
_7ca _aМир _92633185 _3RU\NLR\auth_crt\551 |
| 607 |
_aСтраны мира _jАтласы учебные _92178478 _3RU\NLR\AUTH\661310190 |
||
| 608 |
_aПолитико-административные атласы _92294020 _3RU\NLR\AUTH\6601600947 |
||
| 608 |
_aГеографические карты учебные _91412180 _3RU\NLR\AUTH\66283479 |
||
| 702 | 1 |
_aБарановский _bС. _4220 |
|
| 852 |
_aNLR _bК _j2-мир 7/33 _m10117 |
||
| 901 | _eКартографические материалы | ||
| 942 | _cMAP | ||
| 980 | _aNB | ||
| 981 | 1 | 9 | _a(19) Картографические материалы |